| 000 | 00829nam a2200265Ia 4500 | ||
|---|---|---|---|
| 003 | GCL | ||
| 008 | 140319s9999 xx 000 0 ara d | ||
| 040 |
_aGCL / _cGCL |
||
| 082 | 0 | 4 |
_a350.962 _bخ ا |
| 100 | 1 | _aخميس السيد اسماعيل | |
| 245 | 1 | 0 |
_aالادارة الحديثة للمؤسسات والشركات العامة بمصر والدول العربية / _cخميس السيد اسماعيل |
| 260 |
_a[S.N] : _bالمجالس ، _c1988 |
||
| 300 | _a358 ص | ||
| 490 | _a | ||
| 650 | 0 | 4 | _aمصر |
| 650 | 0 | 4 | _aالاقتصاد |
| 650 | 0 | 4 | _aالاشتراكية |
| 650 | 0 | 4 | _aالتنظيم |
| 650 | 0 | 4 | _aالدول العربية |
| 650 | 0 | 4 | _aالادارة العامة |
| 650 | 0 | 4 | _aالشركات |
| 650 | 0 | 4 | _aالراسمالية |
| 650 | 0 | 4 | _aالمؤسسات |
| 942 |
_2ddc _cBK |
||
| 999 |
_c30699 _d30699 |
||